[Event "Ilichevsk Sunny Pawn-B"]
[Site "Ilichevsk"]
[Date "2008.07.25"]
[Round "6"]
[White "Bagrationi, Alexander"]
[Black "Puchkov, Andrey"]
[Result "1-0"]
[WhiteElo "2252"]
[BlackElo "2267"]
[PlyCount "103"]
[EventDate "2008.07.20"]
[EventType "tourn"]
[EventRounds "11"]
[EventCountry "UKR"]
[SourceTitle "CBM 125 Extra"]
[Source "ChessBase"]
[SourceDate "2008.09.01"]
[SourceVersion "1"]
[SourceVersionDate "2008.09.01"]
[SourceQuality "1"]

1. e4 c5 2. Nc3 Nc6 3. f4 d6 4. Nf3 g6 5. Bc4 Bg7 6. 0-0 e6 7. d3 Nge7 8. Qe1 Nd4 9. Nxd4 cxd4 10. Ne2 0-0 11. Bb3 a5 12. a4 Bd7 13. Bd2 Kh8 14. Kh1 Nc6 15. g4 b6 16. Rf3 f5 17. exf5 exf5 18. g5 Ne7 19. Rh3 Bc6+ 20. Kg1 Bd5 21. Qh4 h5 22. Bxd5 Nxd5 23. Qf2 Re8 24. Nxd4 Qc7 25. c3 Qc5 26. Nb3 Qxf2+ 27. Kxf2 Kg8 28. Rg3 Kf7 29. Rgg1 Rab8 30. Rge1 Nc7 31. Rxe8 Kxe8 32. Bc1 Kd7 33. Nd2 Ne6 34. Nf3 Kc7 35. Nh4 Nf8 36. Ra3 Kc6 37. Rb3 Bh8 38. Rb5 Bg7 39. Be3 Bh8 40. c4 Bg7 41. d4 Bh8 42. Ke2 Bg7 43. Kd3 Bh8 44. b4 axb4 45. Rxb4 Bg7 46. Rb5 Kc7 47. c5 d5 48. cxb6+ Rxb6 49. Rxb6 Kxb6 50. Bd2 Ne6 51. Nxg6 Bxd4 52. Nf8 1-0

[Event "Dmitrov IM-A"]
[Site "Dmitrov"]
[Date "2007.07.31"]
[Round "18"]
[White "Chernobay, Artem"]
[Black "Puchkov, Andrey"]
[Result "1-0"]
[WhiteElo "2409"]
[BlackElo "2252"]
[PlyCount "105"]
[EventDate "2007.07.07"]
[EventType "tourn"]
[EventRounds "19"]
[EventCountry "RUS"]
[EventCategory "1"]
[SourceTitle "CBM 119 Extra"]
[Source "ChessBase"]
[SourceDate "2007.09.04"]
[SourceVersion "1"]
[SourceVersionDate "2007.09.04"]
[SourceQuality "1"]

1. e4 c5 2. Nf3 e6 3. Nc3 a6 4. d4 cxd4 5. Nxd4 Qc7 6. g3 Bb4 7. Bd2 Nc6 8. Nxc6 dxc6 9. Bg2 e5 10. 0-0 Bd6 11. a4 a5 12. h3 Nf6 13. Be3 0-0 14. f4 b6 15. Kh1 Ba6 16. Rf2 Rfd8 17. Qf3 Nd7 18. Rd1 f6 19. Rfd2 Nc5 20. f5 Bf8 21. Bf1 Bxf1 22. Qxf1 Rxd2 23. Rxd2 Rd8 24. Qc4+ Kh8 25. Rxd8 Qxd8 26. Kg2 g6 27. fxg6 hxg6 28. Qf7 g5 29. Kf3 Qe7 30. Qxe7 Bxe7 31. Kg4 Kg7 32. Kf5 Kf7 33. Bxc5 Bxc5 34. h4 gxh4 35. gxh4 Bd4 36. Nd1 b5 37. c3 Bg1 38. b3 Bh2 39. Nb2 Bg1 40. h5 Be3 41. c4 bxa4 42. bxa4 Bd4 43. Nd3 Be3 44. Ne1 Bc1 45. Nc2 Bd2 46. Na1 Kg7 47. Nb3 Bc3 48. Nc5 Kh6 49. Kxf6 Kxh5 50. Kf5 Kh6 51. Nd7 Kg7 52. Nxe5 c5 53. Ke6 1-0

[Event "Dmitrov IM-A"]
[Site "Dmitrov"]
[Date "2007.07.28"]
[Round "13"]
[White "Kanter, Eduard"]
[Black "Puchkov, Andrey"]
[Result "1/2-1/2"]
[WhiteElo "2272"]
[BlackElo "2252"]
[PlyCount "73"]
[EventDate "2007.07.07"]
[EventType "tourn"]
[EventRounds "19"]
[EventCountry "RUS"]
[EventCategory "1"]
[SourceTitle "CBM 119 Extra"]
[Source "ChessBase"]
[SourceDate "2007.09.04"]
[SourceVersion "1"]
[SourceVersionDate "2007.09.04"]
[SourceQuality "1"]

1. c4 Nf6 2. Nc3 e5 3. g3 Nc6 4. Bg2 g6 5. e3 Bg7 6. Nge2 0-0 7. 0-0 d6 8. d3 Be6 9. Nd5 Qd7 10. Rb1 Nd8 11. b4 c6 12. Nxf6+ Bxf6 13. Nc3 Bh3 14. b5 Bxg2 15. Kxg2 Ne6 16. Ba3 Rfd8 17. bxc6 bxc6 18. e4 Kg7 19. Qa4 h5 20. f3 h4 21. Ne2 Bg5 22. Bb2 hxg3 23. hxg3 Rh8 24. Rh1 Be3 25. Bc3 Rxh1 26. Rxh1 Rh8 27. Rxh8 Kxh8 28. Qd1 c5 29. f4 f6 30. Kf3 Bd4 31. Nxd4 cxd4 32. Bd2 Nc5 33. Qh1+ Qh7 34. Qxh7+ Kxh7 35. Bb4 Nb7 36. f5 g5 37. Kg4 1/2-1/2